Stormy Weather : (Record no. 612364)

MARC details
000 -LEADER
fixed length control field 00476nam a2200193 a 4500
008 - FIXED-LENGTH DATA ELEMENTS--GENERAL INFORMATION
fixed length control field 260213s2006##################000#0#eng##
020 ## - INTERNATIONAL STANDARD BOOK NUMBER
ISBN 9781594513282
082 04 - DEWEY DECIMAL CLASSIFICATION NUMBER
Classification number 305.5
Item number GIR
100 1# - MAIN ENTRY--AUTHOR NAME
Personal name Giroux, Henry A.,
245 10 - TITLE STATEMENT
Title Stormy Weather :
260 ## - PUBLICATION, DISTRIBUTION, ETC. (IMPRINT)
Name of publisher Routledge,
Year of publication 2006.
300 ## - PHYSICAL DESCRIPTION
Number of Pages 164 pages
650 #0 - SUBJECT ADDED ENTRY--TOPICAL TERM
Topical Term Nature.
942 ## - ADDED ENTRY ELEMENTS (KOHA)
Koha item type English Books
Holdings
Withdrawn status Lost status Damaged status Not for loan Home library Current library Shelving location Date acquired Full call number Accession Number Price effective from Koha item type
        Anna Centenary Library Anna Centenary Library 3RD FLOOR, B WING 13.02.2026 305.5 GIR 253812 13.02.2026 English Books

Find us on the map